000 00570nam a2200157 a 4500
008 120416s1979 ||||||||||||||||| || u
050 _aHF 5415 Web
100 _aWebster, Frederick
245 1 0 _aIndustrial marketing strategy
260 _aNew York
_bJohn Wiley and Sons
_c(1979)
300 _axvi, 279p.
350 _a0.00
650 _aIndustrial marketing
650 0 _aMARKETING--MANAGEMENT--CASE STUDIES
995 _D0.00
_FCBU-MAIN LIBRARY (Kitwe)
_H1
_I0.00
_M1
_UAVAILABLE
_ZMain Library Open Access Collection
999 _c46736
_d46736